[Event "THE YOUTH LEAGUE"]
[Site "SchemingMind.com"]
[Date "2005.05.05"]
[Round "-"]
[White "AdamMorris"]
[Black "Magnanimous"]
[Result "0-1"]
[WhiteCountry "ENG"]
[BlackCountry "CAN"]
[WhiteElo "1361"]
[WhiteRD "83"]
[BlackElo "1538"]
[BlackRD "118"]
[GameID "14560"]

1. c4 Nf6 2. Nc3 d5 3. d4 dxc4 4. e3 e6 5. Bxc4 c5 6. Qf3 cxd4 7. exd4 Qxd4 8. Bb5+ Bd7 9. Be3 Qe5 10. Bxd7+ Nbxd7
11. Qxb7 Rb8 12. Qxa7 Rxb2 13. Qa6 Qxc3+ 14. Kf1 Rc2 15. Ne2 Qxa1+ 16. Nc1 Rxc1+ 17. Bxc1 Qxc1+ 18. Ke2 Qxh1 19. Qa8+ Ke7 20. Qa3+ Kd8
21. Qa8+ Kc7 22. Qa7+ Kd6 23. Qa6+ Ke5 24. f4+ Kxf4 25. g3+ Kg5 26. h4+ Kh6 27. Qa5 Qg2+ 28. Kd1 Qxg3 29. Qd2+ g5 30. hxg5+ Qxg5
31. Qh2+ Nh5 32. a4 Nc5 33. a5 Nb3 34. a6 Qc1+ 35. Ke2 Qd2+ 36. Kf3 Qxh2 37. a7 Bc5 38. Ke4 Qe2#
0-1

[Event "THE YOUTH LEAGUE"]
[Site "SchemingMind.com"]
[Date "2005.05.06"]
[Round "-"]
[White "frankdizzle"]
[Black "Magnanimous"]
[Result "0-1"]
[WhiteCountry "USA"]
[BlackCountry "CAN"]
[WhiteElo "1117"]
[WhiteRD "121"]
[BlackElo "1378"]
[BlackRD "74"]
[GameID "14561"]

1. g3 d5 2. a4 e5 3. Ra3 Bxa3 4. bxa3 d4 5. h4 Nf6 6. e3 Nd5 7. e4 Ne7 8. Qe2 h5 9. Rh3 Bg4 10. Qb5+ Nd7
11. f3 a6 12. Qxb7 Bxh3 13. Nxh3 Rb8 14. Qxa6 Rxb1 15. Kd1 Nc5 16. Bb5+ Kf8 17. Qa5 d3 18. cxd3 Nxd3 19. Qc3 Rxc1+ 20. Qxc1 Nxc1
21. Kxc1 c6
0-1

[Event "THE YOUTH LEAGUE"]
[Site "SchemingMind.com"]
[Date "2005.05.05"]
[Round "-"]
[White "Ashmaster"]
[Black "Magnanimous"]
[Result "1-0"]
[WhiteCountry "IRL"]
[BlackCountry "CAN"]
[WhiteElo "1345"]
[WhiteRD "76"]
[BlackElo "1538"]
[BlackRD "118"]
[GameID "14562"]

1. b3 e5 2. Bb2 Nc6 3. d3 Bc5 4. Nf3 Qf6 5. Nc3 d6 6. e4 Bg4 7. Be2 Nd4 8. Nxd4 Bxd4 9. f3 Bh5 10. Qd2 Ne7
11. O-O-O Nc6 12. Kb1 Bxc3 13. Bxc3 O-O 14. g4 Bg6 15. h4 h5 16. gxh5 Bxh5 17. Qg5 Qxg5 18. hxg5 g6 19. Rde1 f6 20. gxf6 Rxf6
21. Reg1 Raf8 22. Rxh5 b5 23. f4 a6 24. f5 Ne7 25. fxg6 Nxg6 26. Rhg5 Kf7 27. Bh5 Rg8 28. d4 exd4 29. Bxd4 Re6 30. Rf5+ Ke7
31. Bxg6 Rexg6 32. Rxg6 Rxg6 33. Rh5 Re6 34. Rh7+ Kd8 35. Rh8+ Kd7 36. Ra8 Rxe4 37. c3 Re1+ 38. Kc2 c5 39. Bh8 c4 40. Rxa6 cxb3+
41. axb3 Ke6 42. Rb6 Re2+= 43. Kd3 Rh2 44. Bg7 Kd5 45. Rxb5+ Kc6 46. Rb4 Kc5 47. Rc4+ Kd5 48. Rd4+ Kc5= 49. b4+ Kb5= 50. Rxd6 Ka4
51. Kc4 Ka3 52. Ra6+ Kb2= 53. b5 Rh7 54. Bd4 Rh4 55. b6
1-0

[Event "THE YOUTH LEAGUE"]
[Site "SchemingMind.com"]
[Date "2005.05.05"]
[Round "-"]
[White "asperse"]
[Black "Magnanimous"]
[Result "0-1"]
[WhiteCountry "ENG"]
[BlackCountry "CAN"]
[WhiteElo "1250"]
[WhiteRD "94"]
[BlackElo "1538"]
[BlackRD "118"]
[GameID "14563"]

1. e4 c5 2. c3 Nf6 3. f3 Nc6 4. Bb5 d5 5. exd5 Qxd5 6. c4 Qe6+ 7. Ne2 Bd7 8. Nc3 Nd4 9. O-O Nxb5 10. cxb5 Nd5
11. Nxd5 Qxd5 12. Nf4 Qd4+ 13. Rf2 Qxf4 14. g3 Qd4 15. Qb3 Bh3 16. d3 Rd8 17. Bd2 Qxd3 18. Qxd3 Rxd3 19. b4 cxb4 20. Bxb4 g6
21. Rc1 Bh6 22. Rc8+ Kd7 23. Rd2 Bxd2 24. Bxd2 Rxc8 25. Kf2 Rxd2+ 26. Ke3 Rdc2 27. a4 R8c3+ 28. Kf4 h6 29. g4 Bg2 30. Ke5 f6+
31. Kd4 Kd6 32. a5 Bxf3 33. b6 e5#
0-1

[Event "THE YOUTH LEAGUE"]
[Site "SchemingMind.com"]
[Date "2005.05.05"]
[Round "-"]
[White "Kigdalegend"]
[Black "Magnanimous"]
[Result "0-1"]
[WhiteCountry "GBR"]
[BlackCountry "CAN"]
[WhiteElo "1075"]
[WhiteRD "139"]
[BlackElo "1372"]
[BlackRD "72"]
[GameID "14564"]

1. c4 g6 2. b3 Bg7 3. Nc3 Bxc3 4. dxc3 Nf6 5. Nf3 e6 6. e4 Nxe4 7. Bd3 Nxc3 8. Qc2 Nxa2 9. Rxa2 Nc6 10. Bg5 f6
11. Bh6 Nb4 12. Qd2 Nxa2 13. Qxa2 g5 14. Qa4 Rg8 15. Nd4 Qe7 16. f4 Qd6 17. Be4 Qxd4 18. Bxh7 Qe3+ 19. Kd1 Rh8 20. Bg6+ Kd8
21. Qb4 d6 22. Bg7 Rh4 23. g3 Qf3+ 24. Kd2 Qxh1 25. gxh4 Qxh2+ 26. Kc3 Qxh4 27. Bxf6+ Kd7 28. Qa4+ c6 29. Qa2 Qg3+ 30. Bd3 Qxf4
31. Bd4 c5 32. Qa4+ Kd8 33. Bg7 e5 34. Bg6 Bd7 35. Qa5+ b6 36. Qa6 Qd4+ 37. Kc2 g4 38. Qb7 Qf2+ 39. Kc3 Rc8 40. Qxa7 Rc7
41. Qb8+ Rc8 42. Qxb6+ Rc7 43. Qxd6 Qd4+ 44. Qxd4 cxd4+ 45. Kd3 g3 46. Bf6+ Kc8 47. Bxe5 g2 48. Bxc7 Kxc7 49. Be4 g1=Q 50. Bd5 Qe3+
51. Kc2 Bf5+ 52. Kb2 d3 53. b4 Qd4+ 54. Kc1 Qc3+ 55. Kd1 Bg4+ 56. Bf3 Bxf3#
0-1